Herding Cats Revisited : Being More Advice for Aspiring Academic and Research Leaders.

Helps academic/research leaders and aspiring leaders to accept and embrace the qualities of their 'cats' so they can achieve demanding goals with agility.

Bibliographic Details
Main Author: Garrett, Geoff.
Other Authors: Davies, Graeme.
Format: eBook
Language:English
Published: Axminster : Triarchy Press, 2021.
Edition:1st ed.
Subjects:
Online Access:Click to View
LEADER 02470nam a22004213i 4500
001 EBC6797336
003 MiAaPQ
005 20231204023219.0
006 m o d |
007 cr cnu||||||||
008 231204s2021 xx o ||||0 eng d
020 |a 9781913743376  |q (electronic bk.) 
020 |z 9781913743352 
035 |a (MiAaPQ)EBC6797336 
035 |a (Au-PeEL)EBL6797336 
035 |a (OCoLC)1283855510 
040 |a MiAaPQ  |b eng  |e rda  |e pn  |c MiAaPQ  |d MiAaPQ 
050 4 |a HD57.7 .G376 2022 
100 1 |a Garrett, Geoff. 
245 1 0 |a Herding Cats Revisited :  |b Being More Advice for Aspiring Academic and Research Leaders. 
250 |a 1st ed. 
264 1 |a Axminster :  |b Triarchy Press,  |c 2021. 
264 4 |c Ã2021. 
300 |a 1 online resource (182 pages) 
336 |a text  |b txt  |2 rdacontent 
337 |a computer  |b c  |2 rdamedia 
338 |a online resource  |b cr  |2 rdacarrier 
505 0 |a Intro -- CONTENTS -- Authors' Foreword -- Acknowledgements -- How to use this book -- How the book works -- Introduction -- A: UNDERSTANDING THE CULTURE -- 1. Aspects of the CULTURE -- 2. On CONFLICT -- 3. The difficulty of COLLABORATION and boundary crossing -- B: GETTING THE JOB DONE -- 4. Taking CHARGE -- 5. COMPOSURE under pressure and the implementation imperative -- 6. COMMITTEES etc. -- 7. Managing the CASH -- C: MANAGING THE PEOPLE -- 8. COLLEAGUES, not subordinates ("It's all about the people") -- 9. COMMUNICATION, COMMUNICATION, COMMUNICATION -- 10. Giving CREDIT -- D: LEADING STRATEGICALLY -- 11. Strategy is about CHOICE -- 12. Leading and managing CHANGE -- POSTSCRIPT - A CLOSING THOUGHT -- INDEX -- About the Authors. 
520 |a Helps academic/research leaders and aspiring leaders to accept and embrace the qualities of their 'cats' so they can achieve demanding goals with agility. 
588 |a Description based on publisher supplied metadata and other sources. 
590 |a Electronic reproduction. Ann Arbor, Michigan : ProQuest Ebook Central, 2023. Available via World Wide Web. Access may be limited to ProQuest Ebook Central affiliated libraries.  
650 0 |a Leadership. 
650 0 |a Management. 
655 4 |a Electronic books. 
700 1 |a Davies, Graeme. 
776 0 8 |i Print version:  |a Garrett, Geoff  |t Herding Cats Revisited  |d Axminster : Triarchy Press,c2021  |z 9781913743352 
797 2 |a ProQuest (Firm) 
856 4 0 |u https://ebookcentral.proquest.com/lib/matrademy/detail.action?docID=6797336  |z Click to View